Alarm security directory almanach firiem bezpečnostného priemyslu Slovenska
| Previous Title: | Alarm almanach |
|---|---|
| Other Authors: | |
| Format: | Serial |
| Language: | Slovak |
| PhysicalDescription: | zv. rekl., tab. 30 cm |
| Published: |
Bratislava
Infodom
2004-
|
| ISBN: | 8089076068 (brož. : r. 2005) 8089076084 (brož. : r. 2006) 9788089076116 (brož. : r. 2007) 9788089076130 (brož. : r. 2008) 9788089076147 (brož. : r. 2009) 9788089076154 (brož. : r. 2010) |
| Subjects: |
MARC
| LEADER | 00000cas a2200000 a 4500 | ||
|---|---|---|---|
| 001 | vtls008836264 | ||
| 003 | SK-MaSNL | ||
| 005 | 20260426182228.0 | ||
| 008 | 100602c20049999xo ar 0 b0slo c | ||
| 015 | |a SNBB2010/02-01384 (r. 2005) |a SNBB2010/02-01385 (r. 2006) |a SNBB2010/02-01386 (r. 2007) |a SNBB2010/02-01387 (r. 2008) |a SNBB2010/02-01388 (r. 2009) | ||
| 020 | |a 8089076068 (brož. : r. 2005) | ||
| 020 | |a 8089076084 (brož. : r. 2006) | ||
| 020 | |a 9788089076116 (brož. : r. 2007) | ||
| 020 | |a 9788089076130 (brož. : r. 2008) | ||
| 020 | |a 9788089076147 (brož. : r. 2009) | ||
| 020 | |a 9788089076154 (brož. : r. 2010) | ||
| 035 | |a (SVKBB03)vtls000314894 | ||
| 040 | |a SVKPO |b slo |c SVKPO |d SNK |d SVKBB |e AACR2 | ||
| 041 | 0 | |a slo | |
| 043 | |a e-xo--- | ||
| 044 | |a xo |c SK | ||
| 072 | 7 | |a 62 |x Technika všeobecne |2 konspekt | |
| 072 | 7 | |a 683 |x Železiarstvo. Zámočníctvo. Ohrievacie zariadenia |2 konspekt | |
| 080 | |a 62-027.45 |2 2001 | ||
| 080 | |a 621.398:654.924 |2 2001 | ||
| 080 | |a 351.74 |2 2001 | ||
| 080 | |a 351.785 |2 2001 | ||
| 080 | |a (437.6) |2 2001 | ||
| 080 | |a (059) |2 2001 | ||
| 080 | |a (058.7) |2 2001 | ||
| 080 | |a 683.3 |2 2001 | ||
| 245 | 0 | 0 | |a Alarm security directory |b almanach firiem bezpečnostného priemyslu Slovenska |
| 246 | 1 | 3 | |a Alarm - Bezpečnosť - Security Directory |
| 260 | |a Bratislava |b Infodom |c 2004- | ||
| 300 | |a zv. |b rekl., tab. |c 30 cm | ||
| 362 | 0 | |a 2004- | |
| 500 | |a Názov z obalu | ||
| 500 | |a Popis podľa: R. 2005 | ||
| 500 | |a Editor: 2005-2009, Jozef Gajdoš | ||
| 504 | |a Reg. | ||
| 650 | 0 | 7 | |a zabezpečovacia technika |2 SNKPH |9 29322 |
| 650 | 0 | 7 | |a zábranné mechanické prostriedky |2 SNKPH |9 4161 |
| 650 | 0 | 7 | |a elektrické zabezpečovacie systémy |2 SNKPH |9 69435 |
| 650 | 0 | 7 | |a ochrana objektov |2 SNKPH |9 3725 |
| 650 | 0 | 7 | |a firmy |2 SNKPH |9 2190 |
| 650 | 0 | 7 | |a bezpečnostné služby |2 SNKPH |9 3897 |
| 651 | 7 | |a Slovensko |2 SNKPH |9 14231 | |
| 655 | 7 | |a almanachy |2 SNKPH |9 70416 | |
| 655 | 7 | |a adresáre |2 SNKPH |9 70415 | |
| 700 | 1 | |a Gajdoš, Jozef |4 edt |9 242613 | |
| 780 | 0 | 0 | |t Alarm almanach |
| 852 | |a Štátna vedecká knižnica v Banskej Bystrici | ||
| 910 | |a svkpo | ||
| 910 | |a snk | ||
| 919 | |a 80-89076-06-8 | ||
| 919 | |a 80-89076-08-4 | ||
| 919 | |a 80-89076-11-6 | ||
| 919 | |a 978-80-89076-11-6 | ||
| 919 | |a 978-80-89076-14-7 | ||
| 919 | |a 978-80-89076-13-0 | ||
| 919 | |a 978-80-89076-15-4 | ||
| 999 | |c 4267 |d 6197 | ||
| 952 | |a SNK |b SNK |y PREZ |7 0 |p 17A0661024 |o snkČSB 5536/12/2009 |i snk2010/11857 |8 0 |0 0 |1 0 |4 0 |d 2010-06-01 |l 0 |r 2026-02-21 19:43:20 |w 2026-02-21 | ||
| 952 | |a SNK |b SNK |y PREZ |7 0 |p 17A0661025 |o snkČSB 5536/12/2009 D1 |i snk2010/11858 |8 0 |0 0 |1 0 |4 0 |d 2010-06-01 |l 0 |r 2026-02-21 19:43:21 |w 2026-02-21 | ||
| 952 | |a SNK |b SNK |y PREZ |7 0 |p 17A0556069 |o snkČSB 5536/8/2005 |i snk2007/17710 |8 0 |0 0 |1 0 |4 0 |d 2007-07-26 |l 0 |r 2026-02-21 20:27:50 |w 2026-02-21 | ||
| 952 | |a SNK |b SNK |y PREZ |7 0 |p 17A0556070 |o snkČSB 5536/8/2005 D1 |i snk2007/17711 |8 0 |0 0 |1 0 |4 0 |d 2007-07-26 |l 0 |r 2026-02-21 20:27:50 |w 2026-02-21 | ||
| 952 | |a SNK |b SNK |y PREZ |7 0 |p 17A0556071 |o snkČSB 5536/9/2006 |i snk2007/17712 |8 0 |0 0 |1 0 |4 0 |d 2007-07-26 |l 0 |r 2026-02-21 20:27:51 |w 2026-02-21 | ||
| 952 | |a SNK |b SNK |y PREZ |7 0 |p 17A0556072 |o snkČSB 5536/9/2006 D1 |i snk2007/17713 |8 0 |0 0 |1 0 |4 0 |d 2007-07-26 |l 0 |r 2026-02-21 20:27:51 |w 2026-02-21 | ||
| 952 | |a SNK |b SNK |y PREZ |7 0 |p 17A0582563 |o snkČSB 5536/11/2008 |i snk2008/15268 |8 0 |0 0 |1 0 |4 0 |d 2008-08-11 |l 0 |r 2026-02-21 20:28:46 |w 2026-02-21 | ||
| 952 | |a SNK |b SNK |y PREZ |7 0 |p 17A0582564 |o snkČSB 5536/11/2008 D1 |i snk2008/15269 |8 0 |0 0 |1 0 |4 0 |d 2008-08-11 |l 0 |r 2026-02-21 20:28:46 |w 2026-02-21 | ||
| 952 | |a SNK |b SNK |y PREZ |7 0 |p 17A0556095 |o snkČSB 5536/10/2007 |i snk2007/18128 |8 0 |0 0 |1 0 |4 0 |d 2007-08-02 |l 0 |r 2026-02-21 20:29:02 |w 2026-02-21 | ||
| 952 | |a SNK |b SNK |y PREZ |7 0 |p 17A0556096 |o snkČSB 5536/10/2007 D1 |i snk2007/18129 |8 0 |0 0 |1 0 |4 0 |d 2007-08-02 |l 0 |r 2026-02-21 21:00:40 |w 2026-02-21 | ||
| 952 | |a SNK |b SNK |y NEVYP |7 1 |p 17A0672722 |o snkČSB 5536/13/2010 |i snk2013/5033 |8 0 |0 0 |1 0 |4 0 |d 2013-03-05 |l 0 |r 2026-02-21 21:31:08 |w 2026-02-21 | ||
| 952 | |a SNK |b SNK |y NEVYP |7 1 |p 17A0672723 |o snkČSB 5536/13/2010 D1 |i snk2013/5035 |8 0 |0 0 |1 0 |4 0 |d 2013-03-05 |l 0 |r 2026-02-21 21:31:08 |w 2026-02-21 | ||


